Física universitaria
Gespeichert in:
| Hauptverfasser: | , , |
|---|---|
| Format: | Buch |
| Sprache: | Spanisch |
| Veröffentlicht: |
Delaware Water Gap
Addison-Wesley Iberoamericana
1988
|
| Ausgabe: | 6a. ed |
| Schlagworte: | |
| Tags: |
Tag hinzufügen
Keine Tags, Fügen Sie den ersten Tag hinzu!
|
MARC
| LEADER | 00000nam a2200000 a 4500 | ||
|---|---|---|---|
| 001 | UCX9141 | ||
| 003 | CL-VaPUC | ||
| 005 | 20241017114618.0 | ||
| 008 | 940518e19880000US |||||||||||||||||spa|d | ||
| 999 | |c 228461 |d 228459 | ||
| 040 | |c Pontificia Universidad Católica de Valparaíso | ||
| 082 | 0 | 4 | |a 530 |b SEA |2 21 |
| 100 | 0 | |a Sears, Francis Weston |e author |9 326467 | |
| 245 | 1 | 0 | |a Física universitaria |
| 250 | |a 6a. ed | ||
| 260 | |a Delaware Water Gap |b Addison-Wesley Iberoamericana |c 1988 | ||
| 300 | |a 1110 p | ||
| 583 | |a last modification |c 20171031 11:00:13 |k Rodrigo Vera | ||
| 650 | 0 | |a Física |x Mecánica |9 227844 | |
| 650 | 0 | |a Energía cinética |9 368071 | |
| 650 | 0 | |a Gravitación |9 891839 | |
| 650 | 0 | |a Sonido |x Onda sonora |x Onda mecánica |x Onda periódica |9 891840 | |
| 650 | 0 | |a Termodinámica |x Temperatura |9 891837 | |
| 650 | 0 | |a Electromagnetismo |x Campo eléctrico |9 892422 | |
| 650 | 0 | |a Óptica |x Óptica geométrica |9 892423 | |
| 650 | 0 | |a Mecánica cuántica |x Física nuclear |9 892424 | |
| 700 | 0 | |a Zemansky, Mark Waldo |e author |9 326468 | |
| 700 | 0 | |a Young, Hugh D |e author |9 326469 | |
| 942 | |c BK |2 ddc | ||
| 945 | |d 19940518 00:00:00 |a mfernand | ||
| 952 | |0 0 |1 0 |4 0 |6 530_000000000000000_SEA_1988 |7 0 |8 A |9 228547 |a BIBCUR |b BIBCUR |d 2019-11-15 |i 2980134 |l 2 |o 530 SEA 1988 |p 2980134 |r 2025-04-22 |s 2024-08-19 |w 2019-11-15 |y BK |k BCB | ||
| 952 | |0 0 |1 0 |4 0 |6 530_000000000000000_SEA_1988 |7 0 |8 A |9 228549 |a BIBCUR |b BIBCUR |d 2019-11-15 |i 3064204 |l 11 |m 5 |o 530 SEA 1988 |p 3064204 |r 2025-04-22 |s 2023-03-15 |w 2019-11-15 |y BK |k FIS | ||
| 952 | |0 0 |1 0 |4 0 |6 530_000000000000000_SEA_1988 |7 0 |8 A |9 228551 |a BIBCUR |b BIBCUR |d 2019-11-15 |i 3064220 |o 530 SEA 1988 |p 3064220 |r 2025-04-22 |w 2019-11-15 |y BK |k FIS | ||
| 952 | |0 0 |1 0 |2 ddc |4 0 |6 530_000000000000000_SEA_1988 |7 0 |8 A |9 228557 |a BIBING |b BIBING |c RES |d 2019-11-15 |i 3321169 |l 4 |o 530 SEA 1988 |p 3321169 |r 2025-01-20 |s 2024-03-13 |w 2019-11-15 |y BK |k ING | ||
| 952 | |0 0 |1 0 |2 ddc |4 0 |6 530_000000000000000_SEA_1988 |7 0 |8 A |9 228558 |a BIBING |b BIBING |c RES |d 2019-11-15 |i 3321193 |o 530 SEA 1988 |p 3321193 |r 2025-01-20 |w 2019-11-15 |y BK |k ING | ||
| 952 | |0 0 |1 0 |2 ddc |4 0 |6 530_000000000000000_SEA_1988 |7 0 |8 A |9 228559 |a BIBING |b BIBING |c RES |d 2019-11-15 |i 3321207 |l 2 |o 530 SEA 1988 |p 3321207 |r 2025-01-20 |s 2024-04-10 |w 2019-11-15 |y BK |k ING | ||
| 952 | |0 0 |1 0 |4 0 |6 530_000000000000000_SEA_1988 |7 0 |8 A |9 228564 |a BIBCUR |b BIBCUR |d 2019-11-15 |i 3416461 |l 1 |m 3 |o 530 SEA 1988 |p 3416461 |r 2025-04-22 |s 2022-10-19 |w 2019-11-15 |y BK |k BCB | ||
| 952 | |0 0 |1 0 |4 0 |6 530_000000000000000_SEA_1988 |7 0 |8 A |9 228566 |a BIBCUR |b BIBCUR |d 2019-11-15 |i 3416488 |o 530 SEA 1988 |p 3416488 |r 2025-04-22 |w 2019-11-15 |y BK |k BCB | ||
| 952 | |0 0 |1 0 |2 ddc |4 0 |6 530_000000000000000_SEA_1988 |7 0 |8 A |9 228568 |a BIBING |b BIBING |c RES |d 2019-11-15 |i 3102742 |o 530 SEA 1988 |p 3102742 |r 2025-01-20 |w 2019-11-15 |y BK |k ING | ||
| 952 | |0 0 |1 0 |4 0 |6 530_000000000000000_SEA_1988 |7 0 |8 R |9 228569 |a BIBMEC |b BIBMEC |d 2019-11-15 |i 2700166 |o 530 SEA 1988 |p 2700166 |r 2024-01-19 |w 2019-11-15 |y BK_R |k MEC | ||
| 952 | |0 0 |1 0 |4 0 |6 530_000000000000000_SEA_1988 |7 0 |8 A |9 228571 |a BIBCUR |b BIBCUR |d 2019-11-15 |i 3189287 |l 1 |o 530 SEA 1988 |p 3189287 |r 2025-04-22 |s 2023-05-04 |w 2019-11-15 |y BK |k BCB | ||
| 952 | |0 0 |1 0 |4 0 |6 530_000000000000000_SEA_1988 |7 0 |8 R |9 228574 |a BIBMEC |b BIBMEC |d 2019-11-15 |i 322760K |o 530 SEA 1988 |p 322760K |r 2024-01-19 |w 2019-11-15 |y BK_R |k MEC | ||
| 952 | |0 0 |1 0 |4 0 |6 530_000000000000000_SEA_1988 |7 0 |8 R |9 228575 |a BIBMEC |b BIBMEC |d 2019-11-15 |i 3228916 |o 530 SEA 1988 |p 3228916 |r 2024-01-19 |w 2019-11-15 |y BK_R |k MEC | ||
| 952 | |0 0 |1 0 |2 ddc |4 0 |6 530_000000000000000_SEA_1988 |7 0 |8 A |9 228576 |a BIBING |b BIBING |d 2019-11-15 |i 3491943 |o 530 SEA 1988 |p 3491943 |r 2023-03-02 |w 2019-11-15 |y BK |k ING | ||